| 000 | 00673nam a22001937a 4500 | ||
|---|---|---|---|
| 005 | 20170912171207.0 | ||
| 008 | 170912b xxu||||| |||| 00| 0 eng d | ||
| 010 | _aENG-120265 | ||
| 020 |
_a9788183821148 _c195.00 |
||
| 035 | _aEN-103797 | ||
| 037 | _bDBAD/PUB | ||
| 082 | _a468.3421 | ||
| 100 | _aGupta,Sonya Surbjhi | ||
| 245 |
_aTeach yourself Spanish / _cby Sonya Suabhi Gupta [and] Nabiel Ansari |
||
| 260 |
_aNew Delhi _bLotus Press _c2014 |
||
| 270 |
_aUnit N0-220,Second floor, 4735/22, Prakash Deep Building,Ansari Road Darya ganj _bNew Delhi _e110002 |
||
| 300 |
_avi,160p. _c22cm (pbk) _bill. _eCD-RoMs |
||
| 942 |
_2ddc _cEN _h468.3421 _mGUP |
||
| 999 |
_c144415 _d144415 |
||